00696 2200241 4500001002100000005001500021035002000036007000300056008004100059020002200100082001000122084001600132100001600148245012400164260003100288300003600319500001100355500001400366504003100380600002100411990001100432990001100443INLIS00000000000332020190609092309 a0010-0619000069ta190609 g 0 ind  a978-602-1507-68-1 a631.4 a631.4 NUR k0 aNURHIDAYATI1 aKesuburan dan Kesehatan Tanah :bSuatu Pengantar Penilaian Kualitas Tanah Menuju Pertanian Berkelanjutan /cNurhidayati aMalang :bIntimedia,c2017 axx, 293 hlm. :bilus. ;c23 cm. aIndeks aGlosarium aBibliografi : hlm. 284-293 4aTANAH, KESUBURAN a6748 a a6748 b